| 000 | 00838nam a22003130a 4500 | ||
|---|---|---|---|
| 001 | PT45038 | ||
| 003 | AR-LpoUNG | ||
| 005 | 20210131231037.0 | ||
| 008 | 191001s2010||||xxu|||||||||||||||||eng d | ||
| 020 |
_a9780805847147 _c$107.75 |
||
| 040 |
_aAR-LpoUNG _bspa _cAR-LpoUNG _eaacr |
||
| 041 | _aeng | ||
| 044 | _axxu | ||
| 082 | 0 | _a507.1 139res | |
| 100 | 1 |
_aAbell, Sandra K. _eed. |
|
| 245 | 1 | 0 | _aHandbook of research on science education |
| 250 | _a1ª ed. | ||
| 260 |
_aNew York : _bRoutledge, _c2010. |
||
| 300 |
_axiv, 1330 p. : _btbls. |
||
| 650 | 4 | _aAPRENDIZAJE | |
| 650 | 4 | _aCIENCIA | |
| 650 | 4 | _aENSEÑANZA DE LAS CIENCIAS | |
| 650 | 4 | _aINVESTIGACION | |
| 650 | 4 | _aPROFESORES DE CIENCIAS | |
| 651 | 4 | _aDOCUMENTOS TEORICOS O METODOLOGICOS | |
| 700 | 1 |
_aLederman, Norman G. _eed. |
|
| 905 | _a45038 | ||
| 942 | _cLIB | ||
| 999 |
_c7672 _d7672 |
||